000 00942nas a2200301 4500
001 BR9902112
003 BR-BrBNA
005 20231205101353.0
007 ta
008 230509b bl.|||p| |||| 00| 00por d
040 _aBR-BrBNA
_bpor
_cBiblioteca Nacional de Agricultura
041 _a(Pt)
072 _aL10; U10
100 1 _aAbreu, V.M.N.
100 1 _aCruz, C.D.
100 1 _aSilva, M. de A. e
100 1 _aFigueiredo, E.A.P. de
100 1 _aAbreu, P.G. de
245 1 _aEstudo da capacidade de combinacao de linhagens de matrizes de frangos de corte por meio da analise de fatores. Producao de ovos
650 _aFrango de Corte
650 _aLinhagem
650 _aMatriz
650 _aOvo
650 _aModelo Matematico
773 0 _tRevista Brasileira de Zootecnia (Brazil)
_xISSN 1516-3598
_g(Mar-Apr 1999), v. 28(2) p. 258-263
_wBR9902112
909 _a202311
_bLúcia
_c55
_dLúcia Elande
942 _2AGRIS
_n0
_cANA
999 _c161425
_d161425